Search the Library Catalogue
| 000 -LEADER | |
|---|---|
| fixed length control field | 00725nam a22002537a 4500 |
| 008 - FIXED-LENGTH DATA ELEMENTS--GENERAL INFORMATION | |
| fixed length control field | 250724b |||||||| |||| 00| 0 eng d |
| 020 ## - INTERNATIONAL STANDARD BOOK NUMBER | |
| ISBN | 9780387948577 |
| Paper back/Hardbound | hbk |
| 041 ## - LANGUAGE CODE | |
| Language code of text/sound track or separate title | Eng |
| 082 ## - DEWEY DECIMAL CLASSIFICATION NUMBER | |
| Classification number | 501 |
| Item number | WAL |
| 100 W# - MAIN ENTRY--AUTHOR NAME | |
| Personal name | Daniel Walgraef |
| 245 ## - TITLE STATEMENT | |
| Title | Spatio- Temporal Pattern Formation |
| Sub Title | : with examples from physics, chemistry, and materials science1st |
| Statement of responsibility, etc | Walgraef Daniel |
| 250 ## - EDITION STATEMENT | |
| Edition statement | 1st ed., |
| 260 ## - PUBLICATION, DISTRIBUTION, ETC. (IMPRINT) | |
| Place of publication | Belgium |
| Name of publisher | Springer |
| Year of publication | 1996 |
| 300 ## - PHYSICAL DESCRIPTION | |
| Number of Pages | 306p. |
| 650 ## - SUBJECT ADDED ENTRY--TOPICAL TERM | |
| Topical Term | Chaotic Behavior In Systems |
| Topical Term | Biology |
| Topical Term | pattern formation |
| Topical Term | Spatial analysis |
| Topical Term | Nonlinear thoeries |
| Topical Term | Hydrodynamics |
| 700 ## - ADDED ENTRY--PERSONAL NAME | |
| Personal name | Daniel Walgraef |
| 942 ## - ADDED ENTRY ELEMENTS (KOHA) | |
| Koha item type | Reference |
| Withdrawn status | Lost status | Damaged status | Not for loan | Home library | Current library | Shelving location | Date acquired | Full call number | Accession Number | Price effective from | Koha item type |
|---|---|---|---|---|---|---|---|---|---|---|---|
| Anna Centenary Library | Anna Centenary Library | 5TH FLOOR, A WING | 25.10.2010 | 501 WAL | 264033 | 24.07.2025 | Reference |